Normal view
MARC view
- Cassel, Lillian N
Entry Personal Name
001 - CONTROL NUMBER
- control field: 95827
003 - CONTROL NUMBER IDENTIFIER
- control field: NUST
005 - DATE AND TIME OF LATEST TRANSACTION
- control field: 20220729183850.0
008 - FIXED-LENGTH DATA ELEMENTS
- fixed length control field: 220729|| aca||aabn | a|a d
040 ## - CATALOGING SOURCE
- Original cataloging agency: NUST
- Transcribing agency: NUST
100 ## - HEADING--PERSONAL NAME
- Personal name: Cassel, Lillian N
670 ## - SOURCE DATA FOUND
- Source citation: Work cat.: (NUST)188947: Cassel, Lillian N., Computer networks and open systems :, 2000.
